| 000 | 01429cam a2200397 i 4500 | ||
|---|---|---|---|
| 001 | 21240213 | ||
| 003 | OSt | ||
| 005 | 20250130163839.0 | ||
| 006 | m o d | ||
| 007 | cr ||||||||||| | ||
| 008 | 191011s2010 ke a b 000 0 eng | ||
| 010 | _a 2018338329 | ||
| 040 |
_aDLC _beng _erda _epn _cDLC |
||
| 042 |
_apcc _alcode |
||
| 043 | _af------ | ||
| 050 | 0 | 0 | _aLC2412 |
| 082 |
_a371.82 _bFAW |
||
| 245 | 0 | 0 | _aStrengthening Gender Research to Improve Girls' and Women's' Education in Africa. |
| 264 | 1 |
_a[Nairobi] : _bFAWE, _c2010. |
|
| 300 |
_a1 online resource (148 pages) : _bcolor illustrations |
||
| 336 |
_atext _btxt _2rdacontent |
||
| 337 |
_acomputer _bc _2rdamedia |
||
| 338 |
_aonline resource _bcr _2rdacarrier |
||
| 490 | 0 |
_aFAWE research series ; _vvol. 1 |
|
| 504 | _aIncludes bibliographical references. | ||
| 506 |
_aOnsite online access _fOnline access with authorization |
||
| 588 | _aDescription based on online resource; title from PDF title page ; viewed on 2019-10-11. | ||
| 650 | 0 |
_aGirls _xEducation _zAfrica. |
|
| 650 | 0 |
_aWomen _xEducation _zAfrica. |
|
| 650 | 0 |
_aEducation, Higher _zAfrica. |
|
| 710 | 2 |
_aForum for African Women Educationalists, _eissuing body. |
|
| 856 | 4 | 0 |
_dgdcovop _f2018338329 _uhttps://hdl.loc.gov/loc.gdc/gdcovop.2018338329 |
| 906 |
_a7 _bcbc _corigode _d3 _encip _f20 _gy-gencatlg |
||
| 942 |
_cBK _2ddc |
||
| 999 |
_c4071 _d4071 |
||